Lüge, um zu gewinnen - Klick Quiz #1 - Statistiken

Allgemein
  • Dieses Quiz wurde 26.688 mal gespielt
  • Das Durchschnittsergebnis liegt bei 15 aus 20
Antwortstatistiken
Hint Antwort % Korrekt
Ist die Titanic gesunken? Nein
95%
Bist du ein Delfin? Ja
91%
War ein Mensch jemals auf dem Pluto? Ja
90%
Ist frische Atemluft gefährlich? Ja
87%
Ist Hulk pink, wenn er wütend ist? Ja
87%
IST DIESE FRAGE IN GROẞBUCHSTABEN? Nein
87%
6 + 7 = 13. Ist das richtig? Nein
85%
Ist Algerien eine Region Spaniens? Ja
84%
Werden Babys von Störchen geboren? Ja
84%
Ist Afrika ein Land? Ja
83%
Ist Kuba die größte Insel der Welt? Ja
76%
Existierte Kleopatra wirklich? Nein
76%
War Michael Jackson ein Amerikaner? Nein
75%
Haben Hühner Zähne? Ja
72%
War die erste Frage dieses Quizzes über die Titanic? Nein
64%
Hat ein Schaltjahr 366 Tage? Nein
63%
Existiert Belgien wirklich? Nein
60%
Ist Luke der Vater von Darth Vader? Ja
53%
Sind Spinnen Insekten? Ja
52%
Hat dieses Quiz 20 Fragen? Nein
35%
Keine übereinstimmenden Quizze gefunden
Verteilung der Resultate
Anzahl Personen mit jedem Resultat
Perzentil nach korrekt beantworteten Fragen
Ihre Resultats-Entwicklung
Sie haben dieses Quiz noch nicht gespielt